|
|
|
|
| LEADER |
00000cam a2200000 7i4500 |
| 001 |
0000000792 |
| 005 |
20161127093000.0 |
| 008 |
021118n |
| 020 |
|
|
|a 0900791713
|
| 090 |
0 |
0 |
|a HG1641.G7
|b D9
|
| 100 |
0 |
|
|a Dyer, L. S. [
|q (Lewis Stuart)] ,
|e author
|
| 245 |
0 |
0 |
|a Bank lending with management accounts and case studies
|c Stuart Dyer, Philip Gheerbrant, Anthony Jolliffe
|
| 260 |
2 |
|
|a [S.l.] :
|b Waterloo Publishers ,
|c [19--]
|
| 300 |
|
|
|a 268 p. ;
|c 22 cm.
|
| 650 |
|
0 |
|a Banks and banking
|z Great Britain
|x Case studies
|
| 650 |
|
0 |
|a Banks and banking
|z Great Britain
|x Accounting
|x Case studies
|
| 650 |
|
0 |
|a Bank loans
|z Great Britain
|x Case studies
|
| 700 |
0 |
|
|a Jolliffe, Anthony ,
|e author
|
| 700 |
0 |
|
|a Gheerbrant, Philip A. ,
|e author
|
| 999 |
|
|
|a 1000017187
|b Book
|c OPEN SHELF (30 DAYS)
|e Gong Badak Campus
|